Aespa which song - Statistics

General Stats
  • This quiz has been taken 120 times
  • The average score is 7 of 10
Answer Stats
Question Answer % Correct
It's about to bang, bang, don't forget my name Supernova
93%
Mmm, everybody look at me Savage
83%
We were built to be two enemies (I know, I know) Hold on Tight
79%
Nah, nah The game's over and you just played on it I'll Make You Cry
76%
So tell me what you wanna, wanna do, boy? Thirsty
76%
With my girls in the back Girls in the back Drama
72%
We're gonna all makе it happen Aenergy
62%
Monochrome to colors 이건 (igeon) evo-evolution Black Mamba
62%
We against the villain What's the name? Black mamba Next Level
62%
nævis on the real, my world Girls
48%
No matching quizzes found
Score Distribution
Percent of People with Each Score
Percentile by Number Answered
Your Score History
You have not taken this quiz